| 000 | 00649nam a2200253Ia 4500 | ||
|---|---|---|---|
| 003 | OSt | ||
| 005 | 20220912153049.0 | ||
| 006 | a|||||r|||| 00| 0 | ||
| 007 | ta | ||
| 008 | 220909b |||||||| |||| 00| 0 eng d | ||
| 024 | _a22678 | ||
| 037 | _cTextual | ||
| 040 |
_aCSL _beng _cCSL |
||
| 041 | _aeng | ||
| 082 | _aB334, M4 | ||
| 100 | _aProtter Murray H | ||
| 245 | 0 | _aMaximum principles in differential equations | |
| 260 | _c1984 | ||
| 300 |
_ap. _ccm. |
||
| 650 | _aDifferential equations | ||
| 700 | _a Weinberger Hans F | ||
| 942 |
_hB334, M4 _cTEXL _2CC |
||
| 999 |
_c97559 _d97559 |
||